NEC3 construction contracts 100 questions and answers (Record no. 115838)

MARC details
000 -LEADER
fixed length control field 01080cam a22002535a 4500
001 - CONTROL NUMBER
control field L159366
008 - FIXED-LENGTH DATA ELEMENTS--GENERAL INFORMATION
fixed length control field 16129 s2016 xxk f 000 0 eng d
020 ## - INTERNATIONAL STANDARD BOOK NUMBER
International Standard Book Number 9781315739236
035 ## - SYSTEM CONTROL NUMBER
System control number (Sirsi) u159366
041 0# - LANGUAGE CODE
Language code of text/sound track or separate title eng
050 04 - LIBRARY OF CONGRESS CALL NUMBER
Classification number 624.08 $2 18
100 1# - MAIN ENTRY--PERSONAL NAME
Personal name Hughes, Kevin
245 00 - TITLE STATEMENT
Title NEC3 construction contracts 100 questions and answers
Medium [electronic resource]
250 ## - EDITION STATEMENT
Edition statement 1st edition
260 ## - PUBLICATION, DISTRIBUTION, ETC.
Place of publication, distribution, etc. London
Name of publisher, distributor, etc. Routledge Ltd M.V.A
Date of publication, distribution, etc. 2016
520 ## - SUMMARY, ETC.
Summary, etc. Considers 100 questions and answers relating to the use of NEC3 construction contracts. Topics covered include early warnings and risk registers, contractor's design, testing and defects, payment provisions, title, indemnity insurance and liability, termination provisons, dealing with disputes and preparing and assessing tenders.
590 ## - LOCAL NOTE (RLIN)
Local note KA
650 24 - SUBJECT ADDED ENTRY--TOPICAL TERM
Topical term or geographic name entry element EBOOK
650 24 - SUBJECT ADDED ENTRY--TOPICAL TERM
Topical term or geographic name entry element NEW ENGINEERING CONTRACT (THIRD EDITION)
651 #4 - SUBJECT ADDED ENTRY--GEOGRAPHIC NAME
Geographic name United Kingdom
Chronological subdivision
690 ## - LOCAL SUBJECT ADDED ENTRY--TOPICAL TERM (OCLC, RLIN)
Topical term or geographic name as entry element Contracts
9 (RLIN) 6232
856 40 - ELECTRONIC LOCATION AND ACCESS
Uniform Resource Identifier <a href="https://www.vlebooks.com/">https://www.vlebooks.com/</a>
Public note View on VLEbooks. Logins for members only from [email protected]
942 ## - ADDED ENTRY ELEMENTS (KOHA)
Suppress in OPAC 0
Holdings
Withdrawn status Lost status Source of classification or shelving scheme Damaged status Not for loan Home library Current library Shelving location Date acquired Total Checkouts Full call number Barcode Date last seen Copy number Price effective from Koha item type
    Dewey Decimal Classification     Virtual Virtual Online 19/12/2016   EBOOK 159366-2001 06/08/2019 1 06/08/2019 Book